Wozzeck / (Record no. 196099)
[ view plain ]
| 000 -LEADER | |
|---|---|
| campo de control de longitud fija | 03089njm a2200613 i 4500 |
| 001 - NÚMERO DE CONTROL | |
| campo de control | 196099 |
| 003 - IDENTIFICADOR DE NÚMERO DE CONTROL | |
| campo de control | ES-MaACL |
| 005 - FECHA Y HORA DE LA ÚLTIMA TRANSACCIÓN | |
| campo de control | 20250904042259.0 |
| 007 - CAMPO FIJO DE DESCRIPCIÓN FÍSICA--INFORMACIÓN GENERAL | |
| campo de control de longitud fija | sd*fsngnnmmned |
| 008 - DATOS DE LONGITUD FIJA--INFORMACIÓN GENERAL | |
| campo de control de longitud fija | 240209s2006 sp opn d / ger |
| 015 ## - NÚMERO DE BIBLIOGRAFÍA NACIONAL | |
| Número de bibliografía nacional | SON06 |
| 017 ## - NÚMERO DE COPYRIGHT O DE DEPÓSITO LEGAL | |
| Número de copyright o de depósito legal | M 48054-2006 |
| Agencia que asigna | Oficina Depósito Legal Madrid |
| 020 ## - NÚMERO INTERNACIONAL ESTÁNDAR DEL LIBRO | |
| Número Internacional Estándar del Libro | 9788496832268 |
| 035 ## - NÚMERO DE CONTROL DEL SISTEMA | |
| Número de control de sistema | (OCoLC)733210713 |
| 035 ## - NÚMERO DE CONTROL DEL SISTEMA | |
| Número de control de sistema | (SpMaBN)a4580551 |
| 040 ## - FUENTE DE CATALOGACIÓN | |
| Centro catalogador/agencia de origen | SpMaBN |
| Lengua de catalogación | spa |
| Centro/agencia transcriptor | SpMaBN |
| Normas de descripción | rdc |
| 100 1# - ENTRADA PRINCIPAL--NOMBRE DE PERSONA | |
| Nombre de persona | Berg, Alban, |
| Fechas asociadas al nombre | 1885-1935 |
| 9 (RLIN) | 240618 |
| Término indicativo de función/relación | Compositor |
| 240 10 - TÍTULO UNIFORME | |
| Título uniforme | Wozzeck |
| 245 10 - MENCIÓN DEL TÍTULO | |
| Título | Wozzeck / |
| Mención de responsabilidad, etc. | Berg ; libreto de Alban Berg |
| Resto del título | [Grabación sonora] |
| 260 ## - PUBLICACIÓN, DISTRIBUCIÓN, ETC. | |
| Lugar de publicación, distribución, etc. | Madrid : |
| Nombre del editor, distribuidor, etc. | Prisa Innova, |
| Fecha de publicación, distribución, etc. | D.L. 2006 |
| 264 ## - PRODUCCIÓN, PUBLICACIÓN, DISTRIBUCIÓN, FABRICACIÓN Y COPYRIGHT | |
| Producción, publicación, distribución, fabricación y copyright | ©2007 |
| 300 ## - DESCRIPCIÓN FÍSICA | |
| Extensión | 2 discos (CD Audio) + |
| Material acompañante/anejo | 1 libro (77 páginas) |
| 336 ## - TIPO DE CONTENIDO | |
| Fuente | rdacontent |
| Término de tipo de contenido | música (interpretada) |
| 337 ## - TIPO DE MEDIO | |
| Fuente | rdamedia |
| Nombre/término del tipo de medio | audio |
| 338 ## - TIPO DE SOPORTE | |
| Fuente | rdacarrier |
| Nombre/término del tipo de soporte | volumen |
| 490 1# - MENCIÓN DE SERIE | |
| Mención de serie | Los clásicos de la ópera, 400 años ; |
| Designación de volumen o secuencia | 23 |
| 500 ## - NOTA GENERAL | |
| Nota general | Remasterizado |
| 511 1# - NOTA DE PARTICIPANTES O INTÉRPRETES | |
| Nota de participantes o intérpretes | Mack Harrell, Eileen Farrell, Frederick Jagel, Joseph Mordino, David Lloyd, Ralph Herbert, Edwina Eustis, Adolph Anderson, Hubert Norville ; Coro de la High School of Music and Art ; Coro de la Schola Cantorum ; Orquesta Filarmónica de Nueva York ; Dimitri Mitropoulos, director musical. |
| 518 ## - NOTA DE FECHA/HORA Y LUGAR DE UN ACONTECIMIENTO | |
| Nota de fecha/hora y lugar de un acontecimiento | Grabado en el Carnegie Hall, Nueva York, el 19 de noviembre de 1951 |
| 520 ## - RESUMEN, ETC. | |
| Sumario, etc. | Compuesta por el vienés Alban Berg entre 1914 y 1921 y estrenada en Berlín en 1925, Wozzeck —basada en el drama de Georg Bücner, que el músico transcribe con literalidad devota— ocupa una posición única en la historia de la ópera: no se trata tan solo de la primera, y casi la única, ópera atonal que se ha impuesto plenamente en el repertorio, sino de una asombrosa síntesis de todo lo que hasta entonces se había hecho en el teatro musical y lo que había de hacerse después. |
| 650 #7 - PUNTO DE ACCESO ADICIONAL DE MATERIA--TÉRMINO DE MATERIA | |
| Término de materia o nombre geográfico como elemento de entrada | Óperas- |
| 9 (RLIN) | 137584 |
| Subdivisión de forma | Libretos |
| 655 #7 - TERMINO DE INDIZACIÓN--GENERO/FORMA | |
| Datos o término principal de género/forma | Libretos |
| Fuente del término | |
| 9 (RLIN) | 242219 |
| 700 1# - ENTRADA AGREGADA--NOMBRE PERSONAL | |
| Nombre de persona | Berg, Alban, |
| 9 (RLIN) | 240618 |
| Fechas asociadas al nombre | 1885-1935 |
| Término indicativo de función/relación | Libretista |
| 700 1# - ENTRADA AGREGADA--NOMBRE PERSONAL | |
| Nombre de persona | Harrell, Mack |
| 9 (RLIN) | 238240 |
| Término indicativo de función/relación | Intérprete |
| 700 1# - ENTRADA AGREGADA--NOMBRE PERSONAL | |
| Nombre de persona | Farrell, Eileen, |
| Fechas asociadas al nombre | 1920-2002 |
| 9 (RLIN) | 238241 |
| Término indicativo de función/relación | Intérprete |
| 700 1# - ENTRADA AGREGADA--NOMBRE PERSONAL | |
| Nombre de persona | Jagel, Frederick |
| 9 (RLIN) | 238242 |
| Término indicativo de función/relación | Intérprete |
| 700 1# - ENTRADA AGREGADA--NOMBRE PERSONAL | |
| Nombre de persona | Mordino, Joseph |
| 9 (RLIN) | 238243 |
| Término indicativo de función/relación | Intérprete |
| 700 1# - ENTRADA AGREGADA--NOMBRE PERSONAL | |
| Nombre de persona | Lloyd, David, |
| Fechas asociadas al nombre | 1920- |
| 9 (RLIN) | 238244 |
| Término indicativo de función/relación | Intérprete |
| 700 1# - ENTRADA AGREGADA--NOMBRE PERSONAL | |
| Nombre de persona | Herbert, Ralph |
| 9 (RLIN) | 238245 |
| Término indicativo de función/relación | Intérprete |
| 700 1# - ENTRADA AGREGADA--NOMBRE PERSONAL | |
| Nombre de persona | Eustis, Edwina |
| 9 (RLIN) | 238246 |
| Término indicativo de función/relación | Intérprete |
| 700 1# - ENTRADA AGREGADA--NOMBRE PERSONAL | |
| Nombre de persona | Anderson, Adolph |
| 9 (RLIN) | 238247 |
| Término indicativo de función/relación | Intérprete |
| 700 1# - ENTRADA AGREGADA--NOMBRE PERSONAL | |
| Nombre de persona | Norville, Hubert |
| 9 (RLIN) | 238248 |
| Término indicativo de función/relación | Intérprete |
| 700 1# - ENTRADA AGREGADA--NOMBRE PERSONAL | |
| Nombre de persona | Mitropoulos, Dimitri, |
| Fechas asociadas al nombre | 1896-1960 |
| 9 (RLIN) | 238249 |
| Término indicativo de función/relación | Director musical |
| 710 2# - ENTRADA AGREGADA--NOMBRE DE ENTIDAD CORPORATIVA | |
| Nombre de entidad corporativa o nombre de jurisdicción como elemento de entrada | High School of Music and Art (New York, N.Y.)- |
| Unidad subordinada | Chorus |
| 9 (RLIN) | 238250 |
| 710 2# - ENTRADA AGREGADA--NOMBRE DE ENTIDAD CORPORATIVA | |
| Nombre de entidad corporativa o nombre de jurisdicción como elemento de entrada | Schola Cantorum (Nueva York) |
| 9 (RLIN) | 238251 |
| 710 2# - ENTRADA AGREGADA--NOMBRE DE ENTIDAD CORPORATIVA | |
| Nombre de entidad corporativa o nombre de jurisdicción como elemento de entrada | New York Philharmonic |
| 9 (RLIN) | 238252 |
| 852 ## - LOCALIZACIÓN | |
| Ubicación | ES.MaACL |
| Sublocalización o colección | R.155033 |
| Ubicación en estantería | Depósito J |
| Número de control de estantería | N-9818 |
| Donativo/Legado | Donación: Miren Fernández |
| Encuadernación | Encuadernación cartoné |
| Designación de la unidad física | Volumen 23 |
| itemnumber | 205694 |
| 903 ## - NOMBRE PERSONAL DE DONANTE | |
| a | Fernández, Miren |
| e | Donante |
| 942 ## - ELEMENTOS DE ENTRADA SECUNDARIOS (KOHA) | |
| Tipo de ítem Koha | Libro impreso |
| Suprimir en OPAC | No |
| Estatus retirado | Estado de pérdida | Fuente del sistema de clasificación o colocación | Estado de daño | No para préstamo | Biblioteca de origen | Biblioteca actual | Ubicación en estantería | Fecha de adquisición | Fuente de adquisición | Total de préstamos | Signatura topográfica completa | Código de barras | Visto por última vez | Precio de reemplazo | Tipo de ítem Koha |
|---|---|---|---|---|---|---|---|---|---|---|---|---|---|---|---|
| Clasificación decimal universal | Biblioteca del Ateneo de Madrid | Biblioteca del Ateneo de Madrid | Depósito J | 22/05/2025 | Donación | N-9818 | 101230123 | 22/05/2025 | 22/05/2025 | Libro impreso |
